000 00587nam a2200217 a 4500
999 _c5252
_d5252
001 5252
003 BD-JhCC
005 20171213131503.0
008 171211s1979 bg ||||| |||| 00| 0 eng d
035 _a(BD-JhCC)5252
040 _aBD-JhCC
_dBD-JhCC
041 _aeng
082 _a333.32095414
_bISL 1979
100 _aIslam, Sirajul
245 _aThe permanent settlement in bengal a study of its operation 1790-1819 /
_cSirajul Islam,
300 _a262 p. :
_c21 cm.
650 _aLandtenure
_zIndia- Bengali
650 _aEconomic History
942 _2ddc
_cBK